| 000 | 01422cas a22003971a 4500 | ||
|---|---|---|---|
| 001 | data | ||
| 005 | 20260322212115.0 | ||
| 007 | data | ||
| 007 | data | ||
| 008 | data | ||
| 035 | _a11434449 | ||
| 906 |
_a7 _bcbc _cserials _du _encip _f19 _gn-oclcserc |
||
| 010 | _asn 94095661 | ||
| 035 | _a(OCoLC)33258773 | ||
| 040 |
_aDLC _beng _cRQM _dOCLCQ _dOCLCQ _dDLC _dOCLCQ _dOCLCF _dOCLCO _dOCLCQ |
||
| 042 | _apcc | ||
| 050 | 0 | 0 | _aMicrofilm 38433 |
| 245 | 0 | 0 | _aComplete story magazine. |
| 260 |
_aNew York : _bStreet & Smith Corp. |
||
| 310 | _aIrregular | ||
| 336 |
_atext _btxt _2rdacontent |
||
| 337 |
_amicroform _bh _2rdamedia |
||
| 338 |
_amicrofilm reel _bhd _2rdacarrier |
||
| 530 | _aAlso issued in print. | ||
| 533 |
_aMicrofilm. _bWashington, D.C. : _cAvailable from Library of Congress Photoduplication Service. _cAvailable from Library of Congress Photoduplication Service. _emicrofilm reels ; 35 mm. |
||
| 588 | _aDescription based on: Vol. 2, no. 3 (Dec. 25, 1924); title from cover. | ||
| 650 | 0 |
_aAdventure stories _vPeriodicals. |
|
| 650 | 7 |
_aAdventure stories. _2fast _0(OCoLC)fst00797462 |
|
| 655 | 7 |
_aPeriodicals. _2fast _0(OCoLC)fst01411641 |
|
| 776 | 1 |
_cOriginal _w(OCoLC)12774739 _w(OCoLC)12774739 |
|
| 780 | 0 | 5 |
_tPeople's magazine _w(DLC)sf 89091845 |
| 991 |
_bc-MicRR _hMicrofilm 38433 _wSERIALS |
||
| 999 |
_c1733 _d1733 |
||